Bonus Quiz - Anthems of the World - Statistics

General Stats
  • This quiz has been taken 2 times
  • The average score is 4 of 12
Answer Stats
Hint Anthem % Correct
Scotland Flower of Scotland
100%
Wales Old Land of My Fathers
100%
Aruba Aruba Sweet Land
50%
Cook Islands God is Truth
50%
Faroe Islands Thou fairest land of mine
50%
Curaçao Anthem of Curaçao
0%
South Ossetia Beloved Ossetia!
0%
Palestine Fedayeen warrior
0%
French Polynesia Long live Tahiti Nui
0%
Western Sahara O Sons of the desert
0%
Niue The Lord in Heaven
0%
Greenland You, Our Ancient Land
0%
No matching quizzes found
Score Distribution
Percent of People with Each Score
Percentile by Number Answered
Your Score History
You have not taken this quiz